000 00832nam a22002055i 4500
001 160899
003 ES-MaACL
005 20230906212142.0
008 041004s1849 sp |||| | spa d
080 _a272 Pío IX, Papa, Beato
080 _a272-732.2
100 1 _aOjero de la Cruz, Enrique.
_986619
245 1 0 _aJusticia de la revolución en todas las naciones y defensa del Santo Padre /
_cpor Enrique Ojero de la Cruz.
260 _aMadrid :
_b[s.n.],
_c1849 (
_fImp. de J. Martín Alegría)
300 _a46 p. ;
_c19 cm.
600 0 4 _aPío
_bIX
_cPapa, Beato.
_9137971
650 4 _aPapas-
_xPrimado.
_9146596
852 4 _aES-MaACL
_jT-18-F-8
_z- Enc. hol., falto de cub. original
_z- Enc. en un vol. facticio
852 4 _aES-MaACL
_jT-34-F-3
_z- Enc. hol., falto de cub. original
_z- Enc. en un vol. facticio
999 _c160899
_d160899